| 000 | 01752nam0a22003131 4500 | ||
|---|---|---|---|
| 001 | rc\3433349 | ||
| 005 | 20130115141942.4 | ||
| 021 |
_aRU _b[75-8079] |
||
| 035 | _a(NLR Aleph) 007587071 | ||
| 090 |
_a5570517 _c5570517 |
||
| 100 | _a20130115d1974 |||y0rusy50 ca | ||
| 101 | 0 | _arus | |
| 102 | _aRU | ||
| 105 | _ay z ||||| | ||
| 200 | 1 |
_aВзаимосвязь общего и профессионального образования _eОбзор _fГос. ком. Совета Министров СССР по проф.-тех. образованию. Всесоюз. науч.-исслед. ин-т проф.-техн. образования. Отд. науч.-техн. информации |
|
| 210 |
_aЛенинград _c[ВНИИпрофтехобразования] _d1974 |
||
| 215 |
_a32 с. _d21 |
||
| 300 | _aАвт. указаны в вып. дан.: канд. пед. наук Г.С. Гуторов, А.Я. Кудрявцев | ||
| 320 | _aСписок лит.: с. 29-31 (47 назв.) | ||
| 606 |
_aМетодика преподавания в школе _xМежпредметные связи _jОбзоры литературы _2psbo |
||
| 606 |
_aМетодика преподавания в профессионально-технических училищах _xМежпредметные связи _jОбзоры литературы _2psbo |
||
| 700 | 1 |
_aГуторов _bГ. С. _gГлеб Степанович |
|
| 701 | 1 |
_aКудрявцев _bА. Я. |
|
| 712 | 0 | 2 |
_aВНИИ профессионально-технического образования _cЛенинград _3RU\NLR\AUTH\8810015015 |
| 801 | 0 |
_aRU _bNLR _gpsbo |
|
| 801 | 1 |
_aRU _bELAR _2rusmarc |
|
| 852 |
_aNLR _j74-4/38429 |
||
| 942 | _cBOOK | ||
| 980 | _aNB | ||